| 000 | 00455nam a2200181Ia 4500 | ||
|---|---|---|---|
| 003 | LK-CoDNM | ||
| 008 | 010623t xxu||||| |||| 00| 1 sin d | ||
| 040 |
_aLK-CoDNM _dLK-CoDNM _eLK-CoDNM |
||
| 041 | _asin | ||
| 080 | _aC 37 | ||
| 100 | _aVidyarathna,Vijayasiri | ||
| 245 | _a1960 ග්රහබලය | ||
| 246 | _a1960 Grahabalaya | ||
| 260 |
_bVijayasiri Vidyaratna _aColombo |
||
| 300 | _b139p., 21 cm | ||
| 650 | _aAstrology | ||
| 942 | _cBK | ||
| 999 |
_c133324 _d133324 |
||